000 00579nam a2200193 i 4500
001 bgj
245 0 0 _aAmerica's hidden wilderness :
_blands of seclusion /
_cNational Geographic Society.
260 _aWashington D.C. :
_bNational Geographic Society,
_ccop. 1988.
300 _a199 pp :
_bcol. photos ;
_c26 cm.
504 _aBibliography: p. 196.
505 _aIncludes index.
650 9 _aWildernes areas
_aNorth America
020 _a0870446711
040 _cBPK
041 0 _aeng
920 _a0-87044-671-1
942 _cKS
008 s uk f |000 0 eng
999 _c47608
_d47608